000 00405nam a2200145Ia 4500
008 210210b1996 xxu||||| |||| 00| 0 eng d
082 _a510 SHET
100 _aSHERRA (John) & D'SILVA (John).
245 _aText book of mathematics . V2. I I PUC.
260 _aMangalore
_bUnited publishers
_c1996
300 _a790
650 _aUnited publishers II PUC maths
690 _aMathematics
906 _a051286
999 _c99725
_d99725